The M25 office floorspace survey. - Quarter 1, 1995 - Quarter 4, 1995 (Record no. 93330)

MARC details
000 -LEADER
fixed length control field 00675cam a2200241 4500
001 - CONTROL NUMBER
control field J3221
008 - FIXED-LENGTH DATA ELEMENTS--GENERAL INFORMATION
fixed length control field 090401t xxu||||| |||| 00| 0 eng d
035 ## - SYSTEM CONTROL NUMBER
System control number (Sirsi) u53756
041 ## - LANGUAGE CODE
Language code of text/sound track or separate title eng
050 ## - LIBRARY OF CONGRESS CALL NUMBER
Classification number 711.73
110 ## - MAIN ENTRY--CORPORATE NAME
Corporate name or jurisdiction name as entry element Knight Frank and Rutley
9 (RLIN) 1990
245 #4 - TITLE STATEMENT
Title The M25 office floorspace survey. - Quarter 1, 1995 - Quarter 4, 1995
260 ## - PUBLICATION, DISTRIBUTION, ETC.
Place of publication, distribution, etc. London
Name of publisher, distributor, etc. Knight Frank and Rutley
Date of publication, distribution, etc. 1995-96
300 ## - PHYSICAL DESCRIPTION
Extent 4 pt. : ill. ; 30cm.
350 ## - PRICE (NR) (BK AM CF MU VM SE) [OBSOLETE]
Price 0
520 ## - SUMMARY, ETC.
Summary, etc. Firm now known as Knight Frank.
650 ## - SUBJECT ADDED ENTRY--TOPICAL TERM
Topical term or geographic name entry element FLOORSPACE STATISTICS
650 ## - SUBJECT ADDED ENTRY--TOPICAL TERM
Topical term or geographic name entry element OFFICES
690 ## - LOCAL SUBJECT ADDED ENTRY--TOPICAL TERM (OCLC, RLIN)
Topical term or geographic name as entry element PROPERTY-COMMERCIAL PROPERTY
710 ## - ADDED ENTRY--CORPORATE NAME
Corporate name or jurisdiction name as entry element Knight Frank
9 (RLIN) 1530
942 ## - ADDED ENTRY ELEMENTS (KOHA)
Suppress in OPAC 0
948 ## - LOCAL PROCESSING INFORMATION (OCLC); SERIES PART DESIGNATOR (RLIN)
c (OCLC) 04/03/1997
Holdings
Withdrawn status Lost status Source of classification or shelving scheme Damaged status Not for loan Home library Current library Shelving location Date acquired Total Checkouts Full call number Barcode Date last seen Copy number Price effective from Koha item type
    Dewey Decimal Classification     London London Property market reports 25/08/1995   PROPERTY MARKET REPORTS 30046449 06/08/2019 1 06/08/2019 Book
    Dewey Decimal Classification     London London Property market reports 23/02/1996   PROPERTY MARKET REPORTS 30047313 06/08/2019 2 06/08/2019 Book
    Dewey Decimal Classification     London London Property market reports 23/02/1996   PROPERTY MARKET REPORTS 30047319 06/08/2019 3 06/08/2019 Book
    Dewey Decimal Classification     London London Property market reports 23/02/1996   PROPERTY MARKET REPORTS 30047320 06/08/2019 4 06/08/2019 Book